| 000 | 00935nam a2200241Ia 4500 | ||
|---|---|---|---|
| 003 | GCL | ||
| 005 | 20240530110202.0 | ||
| 008 | 140319s9999 xx 000 0 ara d | ||
| 040 |
_aGCL / _cGCL |
||
| 082 | 0 | 4 |
_a953 _bخ ت |
| 100 | _aابن خلدون | ||
| 245 | 1 | 0 |
_aتاريخ ابن خلدون : _bالمسمى بكتاب العبر وديوان المبتدا والخبر فى ايام العرب والعجم والبربر ومن عاصرهم من ذوى السلطان الاكبر/ _cابن خلدون |
| 260 |
_aبيروت : _bمؤسسة جمال للطباعة والنشر |
||
| 300 | _a7 مج | ||
| 650 | 0 | 4 | _aالتاريخ الاسلامى |
| 650 | 0 | 4 | _aالاجتماع |
| 650 | 0 | 4 | _aابن خلدون |
| 650 | 0 | 4 | _aالحضارة الاسلامية |
| 650 | 0 | 4 | _aالاجتماع، علم |
| 650 | 0 | 4 | _aالاجتماع التاريخى |
| 650 | 0 | 4 | _aالمجتمعات البدائية |
| 942 |
_2ddc _cREF |
||
| 999 |
_c59260 _d59260 |
||